000 00737nam a2200253Ia 4500
003 OSt
005 20220930185256.0
006 a|||||r|||| 00| 0
007 ta
008 220926b |||||||| |||| 00| 0 eng d
020 _a9781138020368 (hbk)
024 _a14319
037 _bGift, 07/11/2014,
_cTextbook
040 _aCRL
_cCRL
_beng
041 _2eng
_aeng
082 _aV2:19495.P1, Q4
100 _aTayal Skand R.
_9428390
245 0 _aIndia and the republic of Korea
_b Engaged democracies
260 _aLondon
_bRoutledge UK
_c2014
300 _axviii, 295p.
_ccm.
650 _aHISTORY
942 _hV2:19495.P1, Q4
_cTB
_2CC
999 _c889867
_d889867